000 00787nam a2200277Ia 4500
005 20260429111843.0
008 260429s9999||||xx |||||||||||||| ||und||
020 _a9789358999860
041 _aEnglish
082 _a572.860
_bGUP
100 _aGupta, Sheetanshu
245 0 _aGenomic intelligence :
_bmetagenomics and artificial intelligence /
_cSheetanshu Gupta
250 _a1st ed.
260 _aNew Delhi :
_bElite Publishing House,
_c2024.
300 _axii, 328 p.; hb
650 _a Artificial intelligence
650 _a Genomes
650 _aBiology
700 _a Ansari, Mohammad Javed
700 _a Kashyap, Shakuli
700 _a Kumar, Dhirendra
700 _a Mehrotra, Sudhir
700 _a Negi, Radhika
700 _a Singh, Ranjan
942 _cTB
999 _c51149
_d51149